New Keynesian model dynamics under heterogeneous expectations and adaptive learning
Na minha lista:
| Autor principal: | |
|---|---|
| Formato: | Livro |
| Idioma: | inglês |
| Publicado em: |
Praha
Czech National Bank
2006
|
| Colecção: | Working paper series
5/2006 |
| Assuntos: | |
| Tags: |
Sem tags, seja o primeiro a adicionar uma tag!
|
MARC
| LEADER | 00000nam$a2200000$$$4500 | ||
|---|---|---|---|
| 001 | 0054715 | ||
| 005 | 20240503084917.4 | ||
| 041 | 0 | |a eng | |
| 044 | |a CZ | ||
| 245 | 1 | 0 | |a New Keynesian model dynamics under heterogeneous expectations and adaptive learning |c Martin Fukač |
| 264 | 1 | |a Praha |b Czech National Bank |c 2006 | |
| 300 | |a 41 s. | ||
| 490 | 1 | |a Working paper series |v 5/2006 | |
| 830 | 0 | |a Working paper series |v 5/2006 | |
| 610 | 2 | 0 | |a dynamika ekonomiky |
| 610 | 2 | 0 | |a modely dynamické |
| 610 | 2 | 0 | |a keynesizmus |
| 610 | 2 | 0 | |a politika peňažná |
| 610 | 2 | 0 | |a modelovanie ekonometrické |
| 100 | 1 | |a Fukač, Martin | |